Transferové oceňovanie

Vymedzenie pojmu transferové oceňovanie. Pojem zahraničná závislá osoba. Kontrolované transakcie a princíp nezávislého vzťahu.

Gespeichert in:
Bibliographische Detailangaben
1. Verfasser: Ondrušová, Lucia, 1981-
Format: Buchkapitel
Sprache:Slowakisch
Schlagworte:
Tags: Tag hinzufügen
Keine Tags, Fügen Sie das erste Tag hinzu!

MARC

LEADER 00000naa a2200000 4500
001 0240805
005 20240502073923.5
041 0 |a slo 
044 |a SK 
245 1 0 |a Transferové oceňovanie  |c Lucia Ondrušová 
520 |a Vymedzenie pojmu transferové oceňovanie. Pojem zahraničná závislá osoba. Kontrolované transakcie a princíp nezávislého vzťahu. 
610 2 0 |a oceňovanie transferové 
610 2 0 |a osoby zahraničné 
610 2 0 |a osoby závislé 
610 2 0 |a dane z príjmov 
100 1 |a Ondrušová, Lucia, 1981-